000 00960nam a2200277Ia 4500
001 Para_9596
003 CHAP
008 220125s2003 xx 000 0 und d
010 _a208267
020 _a84-8748-031-4
040 _cCHAP
082 _aPA 632.96 L73 2003
100 _aLiñan Vicente, Carlos de
_967023
245 _aFarmacología vegetal :
_b Compendium de las sustancias activas, insectos y ácaros utilizados en la prevención y control de plagas, enfermedades y plantas no deseadas así como en la regulación de la fisiología de los vegetales cultivados /
_c Carlos de Liñan Vicente
250 _a3a ed.
260 _aMadrid :
_b Ediciones Agrotécnicas
300 _a1270 p.
650 _aControl biológico de insectos
_927582
901 _aPA 632.96 L73 2003
902 _aM
905 _a5231272003 sp a 8122223321spa11
910 _a2003
942 _cPARA
942 _cPARA
_d1
999 _c208267
_d208267